[Event "China zt 3.5"]
[Site "Shaoxing"]
[Date "2021.05.28"]
[Round "6"]
[White "Xi, Qi"]
[Black "Yu, Tianxi"]
[Result "1-0"]
[WhiteElo "2270"]
[BlackElo "1623"]
[PlyCount "125"]
[EventDate "2021.05.23"]
[EventType "swiss"]
[EventRounds "9"]
[EventCountry "CHN"]
[SourceTitle "CBM 202 Extra"]
[Source "ChessBase"]
[SourceDate "2021.07.31"]
[SourceVersion "1"]
[SourceVersionDate "2021.07.31"]
[SourceQuality "1"]

1. d4 d5 2. c4 e6 3. Nc3 Nf6 4. cxd5 exd5 5. Bg5 c6 6. e3 Be7 7. Bd3 Nbd7 8. Qc2 h6 9. Bh4 Nh5 10. Bxe7 Qxe7 11. 0-0-0 Nb6 12. Kb1 Nf6 13. Nf3 Bg4 14. Rc1 Bxf3 15. gxf3 0-0-0 16. Rhg1 g6 17. Qb3 Kb8 18. a4 Nc8 19. a5 Ka8 20. a6 Rd7 21. e4 Nb6 22. Rge1 Qd8 23. exd5 Nfxd5 24. Ne4 Re8 25. Nc5 Rxe1 26. Rxe1 Re7 27. axb7+ Kb8 28. Rc1 Qe8 29. Qd1 f5 30. Qd2 Qh8 31. Nb3 Rxb7 32. Na5 Rc7 33. Nxc6+ Rxc6 34. Rxc6 Qxd4 35. Rc1 h5 36. Qe2 Nb4 37. Qe8+ Kb7 38. Qe7+ Qd7 39. Qxd7+ Nxd7 40. Bb5 Ne5 41. f4 Ng4 42. f3 Ne3 43. Rg1 Nbd5 44. Rxg6 Nxf4 45. Rh6 Neg2 46. Bd7 Nh4 47. Rf6 Kc7 48. Bxf5 Nxf3 49. Bh7 Ng5 50. Rxf4 Nxh7 51. Rf7+ Kb6 52. Rxh7 Kb5 53. Rxh5+ Kb4 54. h4 Kb3 55. Ra5 Kb4 56. Rxa7 Kb3 57. h5 Kb4 58. h6 Kb3 59. h7 Kb4 60. h8Q Kb5 61. Qc8 Kb4 62. Rb7+ Ka5 63. Qa8# 1-0

[Event "China zt 3.5"]
[Site "Shaoxing"]
[Date "2021.05.25"]
[Round "3"]
[White "Yu, Tianxi"]
[Black "Sun, Yidi"]
[Result "0-1"]
[WhiteElo "1623"]
[BlackElo "2107"]
[PlyCount "74"]
[EventDate "2021.05.23"]
[EventType "swiss"]
[EventRounds "9"]
[EventCountry "CHN"]
[SourceTitle "CBM 202 Extra"]
[Source "ChessBase"]
[SourceDate "2021.07.31"]
[SourceVersion "1"]
[SourceVersionDate "2021.07.31"]
[SourceQuality "1"]

1. d4 e6 2. c4 Nf6 3. Nc3 Bb4 4. Qc2 c5 5. a3 Bxc3+ 6. bxc3 Nc6 7. Nf3 d6 8. g3 e5 9. Bb2 0-0 10. Bg2 Qe7 11. e3 Na5 12. Nd2 Rb8 13. 0-0 b6 14. Rfe1 Ba6 15. Bf1 Nd7 16. d5 f5 17. e4 f4 18. Bh3 Rf6 19. Qa4 Nf8 20. Nb3 Bc8 21. Bxc8 Nxb3 22. Qxb3 Rxc8 23. Qd1 Qd7 24. Qd3 Ng6 25. Rac1 Rcf8 26. Rc2 Qh3 27. Qf1 Qh5 28. Bc1 Nh4 29. gxh4 Rg6+ 30. Qg2 Rxg2+ 31. Kxg2 Qg4+ 32. Kf1 f3 33. Rd1 Qxe4 34. Rdd2 Rf4 35. h5 Rg4 36. h3 Qe1+ 37. Kxe1 Rg1# 0-1

[Event "Scarborough CC Winter End U1400"]
[Site "Toronto"]
[Date "2012.03.15"]
[Round "5"]
[White "Liang, Hairan"]
[Black "Yu, Tianxi"]
[Result "1-0"]
[WhiteElo "790"]
[BlackElo "1029"]
[PlyCount "109"]
[EventDate "2012.02.16"]
[EventType "swiss"]
[EventRounds "5"]
[EventCountry "CAN"]
[SourceTitle "EXT 2022"]
[Source "ChessBase"]
[SourceDate "2021.10.06"]
[SourceVersion "1"]
[SourceVersionDate "2021.10.06"]
[SourceQuality "1"]

1. e4 e5 2. Nf3 Nf6 3. Nxe5 d6 4. Nf3 Nxe4 5. Nc3 Nxc3 6. dxc3 Nc6 7. Bc4 Bg4 8. h3 Bh5 9. Be3 g6 10. g4 Ne5 11. Nxe5 dxe5 12. Qxd8+ Rxd8 13. gxh5 Bg7 14. hxg6 hxg6 15. Bxa7 Ra8 16. Bc5 Rh4 17. Bd5 Ra5 18. b4 Rb5 19. a4 Rxc5 20. bxc5 c6 21. Bf3 e4 22. Bg4 Bxc3+ 23. Ke2 Bxa1 24. Rxa1 f5 25. Bxf5 gxf5 26. f3 exf3+ 27. Kxf3 Rxh3+ 28. Kf4 Rh2 29. Rc1 Rf2+ 30. Kg3 Re2 31. c4 Re4 32. Rb1 Rxc4 33. Rxb7 Rxc5 34. a5 Kd8 35. a6 Ra5 36. a7 Ra3+ 37. Kf4 Kc8 38. Rb8+ Kc7 39. a8Q Rxa8 40. Rxa8 Kb7 41. Rf8 c5 42. Rxf5 Kb6 43. Rf6+ Kb5 44. Rf5 Kb4 45. Ke3 c4 46. Rf4 Kb3 47. Kd4 c3 48. Rf3 Kb2 49. Rxc3 Kb1 50. Kd3 Kb2 51. Kd2 Kb1 52. Rc2 Ka1 53. Kc3 Kb1 54. Kb3 Ka1 55. Rc1# 1-0